00656nam a2200181Ia 4500952014900000999001700149003000400166005001700170008004100187040000900228082001800237100003100255245004800286260006400334300000900398650002500407942004200432 00102ddc40708HISTORYaMESbMEScHISd2019-02-20g85.00l26m46o954.83 MEN/Cp18074r2026-01-16 09:46:02s2026-01-12w2019-02-20yBKzGL34R2 c20157d20157OSt20211120123600.0190216s9999||||xx |||||||||||||| ||und|| coclc a954.83bMEN/C aMenon, P Padmanabha 93327 0aCochi Rajyacharithram /cP Padmanabha Menon bThe Mathrubhumi Printing And Publishers,c1989.aKozhikode: a855p aCochi Rajacharithram cBK2ddch954.83iMEN/Ck954.83mMEN/C